NBA Playoffs Starters 2025-2026 - Statistics

General Stats
  • This quiz has been taken 293 times
  • The average score is 65 of 80
Answer Stats
Team Position Answer % Correct
DENVER NUGGETS C Nikola Jokić
99%
OKLAHOMA CITY THUNDER SG Ajay Mitchell
98%
CLEVELAND CAVALIERS SG Donovan Mitchell
98%
DENVER NUGGETS PG Jamal Murray
98%
BOSTON CELTICS SF Jaylen Brown
98%
BOSTON CELTICS PF Jayson Tatum
98%
DETROIT PISTONS PG Cade Cunningham
97%
DETROIT PISTONS C Jalen Duren
97%
CLEVELAND CAVALIERS PG James Harden
97%
LOS ANGELES LAKERS SF LeBron James
97%
OKLAHOMA CITY THUNDER PG Shai Gilgeous-Alexander
97%
MINNESOTA TIMBERWOLVES SG Anthony Edwards
95%
CLEVELAND CAVALIERS PF Evan Mobley
95%
NEW YORK KNICKS PG Jalen Brunson
95%
NEW YORK KNICKS C Karl Anthony-Towns
95%
PHOENIX SUNS SG Devin Booker
94%
ATLANTA HAWKS SF Jalen Johnson
94%
CLEVELAND CAVALIERS C Jarrett Allen
94%
PHILADELPHIA SIXERS C Joël Embiid
94%
NEW YORK KNICKS SF Josh Hart
94%
MINNESOTA TIMBERWOLVES C Rudy Gobert
94%
SAN ANTONIO SPURS C Victor Wembanyama
94%
DENVER NUGGETS SF Cameron Johnson
93%
OKLAHOMA CITY THUNDER C Chet Holmgren
93%
BOSTON CELTICS SG Derrick White
93%
ORLANDO MAGIC PF Paolo Banchero
93%
HOUSTON ROCKETS C Alperen Sengun
92%
DETROIT PISTONS SF Ausar Thompson
92%
LOS ANGELES LAKERS SG Austin Reaves
92%
PHILADELPHIA SIXERS PG Tyrese Maxey
92%
HOUSTON ROCKETS PG Amen Thompson
91%
SAN ANTONIO SPURS PG De'Aaron Fox
91%
TORONTO RAPTORS PF Scottie Barnes
91%
SAN ANTONIO SPURS PG Stephon Castle
91%
OKLAHOMA CITY THUNDER C Isaiah Hartenstein
89%
DENVER NUGGETS PF Aaron Gordon
88%
LOS ANGELES LAKERS C Deandre Ayton
88%
ORLANDO MAGIC SF Franz Wagner
86%
MINNESOTA TIMBERWOLVES PF Julius Randle
86%
MINNESOTA TIMBERWOLVES PF Jaden McDaniels
85%
NEW YORK KNICKS SF Mikal Bridges
85%
NEW YORK KNICKS PF OG Anunoby
85%
PHILADELPHIA SIXERS PF Paul George
83%
ATLANTA HAWKS PG CJ McCollum
82%
ORLANDO MAGIC PG Jalen Suggs
82%
DETROIT PISTONS PF Tobias Harris
82%
DENVER NUGGETS SG Christian Braun
81%
PORTLAND TRAIL BLAZERS SF Deni Avdija
81%
PHOENIX SUNS SF Dillon Brooks
81%
OKLAHOMA CITY THUNDER SF Luguentz Dort
81%
PHILADELPHIA SIXERS SG VJ Edgecombe
79%
SAN ANTONIO SPURS SG Devin Vassell
78%
ATLANTA HAWKS SG Dyson Daniels
78%
LOS ANGELES LAKERS PF Rui Hachimura
78%
BOSTON CELTICS C Neemias Queta
77%
HOUSTON ROCKETS PF Jabari Smith Jr.
75%
ATLANTA HAWKS SG Nickeil Alexander-Walker
74%
ORLANDO MAGIC C Wendell Carter Jr.
74%
LOS ANGELES LAKERS SG Marcus Smart
73%
TORONTO RAPTORS SF Brandon Ingram
72%
ORLANDO MAGIC SG Desmond Bane
72%
TORONTO RAPTORS SG RJ Barrett
72%
DETROIT PISTONS SF Duncan Robinson
71%
ATLANTA HAWKS C Onyeka Okongwu
70%
PHILADELPHIA SIXERS SF Kelly Oubre Jr.
69%
CLEVELAND CAVALIERS PF Dean Wade
68%
TORONTO RAPTORS C Jakob Poeltl
68%
PHOENIX SUNS SG Jalen Green
68%
PORTLAND TRAIL BLAZERS PG Jrue Holiday
68%
PORTLAND TRAIL BLAZERS C Donovan Clingan
66%
SAN ANTONIO SPURS SF Julian Champagnie
66%
HOUSTON ROCKETS SG Reed Sheppard
63%
PORTLAND TRAIL BLAZERS PG Scoot Henderson
60%
BOSTON CELTICS PF Sam Hauser
55%
HOUSTON ROCKETS PF Tari Eason
55%
PORTLAND TRAIL BLAZERS PF Toumani Camara
52%
MINNESOTA TIMBERWOLVES SG Ayo Dosunmu
49%
PHOENIX SUNS PG Collin Gillespie
44%
PHOENIX SUNS PF Oso Ighodaro
29%
TORONTO RAPTORS SG Ja'Kobe Walter
26%
No matching quizzes found
Score Distribution
Percent of People with Each Score
Percentile by Number Answered
Your Score History
You have not taken this quiz